000 01023nam0a22002771 4500
001 v19\rc\1289156
005 20060306185055.8
035 _a(NLR Aleph) 004437290
090 _a4352276
_c4352276
100 _a20060306d1854 |||y0rusy50 ca
101 0 _arus
102 _aRU
105 _ay j |||||
200 1 _aТеория слога
_e[Лекции
210 _aСанкт-Петербург
_d1854]
215 _a151 с.
_d35
300 _aАвт. в кн. не указан; установлен по изд.: Рус. аноним. и подпис. псевд. произведения печати (1801-1926 гг.). Л., 1979. Вып. 3. С. 44
309 _aБез тит. л. и обл.
309 _aНаписано от руки. Литогр.
700 1 _aБлагосветлов
_bГ. Е.
_f1824-1880
_gГригорий Евлампиевич
801 0 _aRU
_bNLR
_gpsbo
801 0 _aRU
_bRuMoRGB
_2psbo
801 1 _aRU
_bProSoft-M
_2rusmarc
852 _aNLR
_j18.20.1.34
942 _cBOOK
980 _aNB